Le pèlerinage de la Mecque et le choléra au Hedjaz (Registro nro. 165742)

Detalles MARC
000 -LEADER
campo de control de longitud fija 00719nam a2200193 i 4500
001 - NÚMERO DE CONTROL
campo de control 165742
003 - IDENTIFICADOR DE NÚMERO DE CONTROL
campo de control ES-MaACL
005 - FECHA Y HORA DE LA ÚLTIMA TRANSACCIÓN
campo de control 20250901032931.0
008 - DATOS DE LONGITUD FIJA--INFORMACIÓN GENERAL
campo de control de longitud fija 050905s1883 tu b | |||||||| ||fre d
040 ## - FUENTE DE CATALOGACIÓN
Centro catalogador/agencia de origen CAM
Lengua de catalogación spa
Centro/agencia transcriptor CAM
100 1# - ENTRADA PRINCIPAL--NOMBRE DE PERSONA
Nombre de persona Stékoulis, C.
9 (RLIN) 132939
245 13 - MENCIÓN DEL TÍTULO
Título Le pèlerinage de la Mecque et le choléra au Hedjaz
Resto del título : avec une carte /
Mención de responsabilidad, etc. par C. Stékoulis.
260 ## - PUBLICACIÓN, DISTRIBUCIÓN, ETC.
Lugar de publicación, distribución, etc. Constantinople :
Nombre del editor, distribuidor, etc. [s.n.],
Fecha de publicación, distribución, etc. 1883 (
Fabricante Imprimerie de Castro)
300 ## - DESCRIPCIÓN FÍSICA
Extensión 49 p., [1] h. de map. pleg. ;
Dimensiones 26 cm.
650 #4 - PUNTO DE ACCESO ADICIONAL DE MATERIA--TÉRMINO DE MATERIA
Término de materia o nombre geográfico como elemento de entrada Peregrinaciones-
Subdivisión geográfica La Meca.
9 (RLIN) 136678
650 #7 - PUNTO DE ACCESO ADICIONAL DE MATERIA--TÉRMINO DE MATERIA
Término de materia o nombre geográfico como elemento de entrada Cólera
Fuente del encabezamiento o término embne
9 (RLIN) 11143
852 ## - LOCALIZACIÓN
Ubicación ES-MaACL
Número de control de estantería T-390-F-9
Nota libre -- Enc. hol., falto de la enc. original
-- -- Enc. en un vol. facticio
Existencias
Estatus retirado Estado de pérdida Estado de daño No para préstamo Colección Biblioteca de origen Biblioteca actual Ubicación en estantería Fecha de adquisición Total de préstamos Signatura topográfica completa Código de barras Visto por última vez Precio de reemplazo Tipo de ítem Koha
        Colección de folletos Biblioteca del Ateneo de Madrid Biblioteca del Ateneo de Madrid Depósito folletos 17/01/2008   T-390-F-9 1173819 23/02/2023 23/02/2023 Folleto